Železiari pre dôchodcov

Bibliographic Details
Main Author: Miškufová, Helena (Author)
Corporate Author: Východoslovenské železiarne (Košice, Slovensko) (Author)
Format: Article
Language:Slovak
Subjects:

MARC

LEADER 00000nab a2200000 a 4500
001 vtls000922827
003 SK-MaSNL
005 20260304022339.0
008 040720e19950519xo 0 slo
035 |a KE31704 
040 |a KEVKJB  |b slo  |c KEVKJB  |e AACR2 
041 0 |a slo 
044 |a xo  |c SK 
080 |a 669.1  |2 1981 
100 1 |a Miškufová, Helena  |4 aut  |9 266662 
245 1 0 |a Železiari pre dôchodcov 
610 2 7 |a Východoslovenské železiarne (Košice, Slovensko)  |2 KEVKJB 
650 0 7 |a prepúšťanie zamestnancov  |2 KEVKJB  |9 29116 
650 0 7 |a odborári  |2 KEVKJB  |9 29742 
650 0 7 |a protesty  |2 KEVKJB  |9 337515 
650 0 7 |a informácie  |2 KEVKJB  |9 1285 
651 7 |a Košice (Slovensko)  |2 KEVKJB  |9 18694 
651 7 |a KE,  |2 KEVKJB  |9 877256 
655 7 |a periodikum  |2 snkbucl  |9 29553 
710 2 |a Východoslovenské železiarne (Košice, Slovensko)  |4 aut 
773 0 8 |t Práca  |g Roč. 50, č.115, 19.5.1995, s. 2 
852 |a ZVYKNI  |b KIS3GCP 
999 |c 2610921  |d 2612851